Talk that gets results; communication /

Bibliographic Details
Main Author: Ingram, K. C. (Karl Culton), 1889-
Format: Book
Language:English
Published: New York : McGraw-Hill, [1957]
Subjects:

MARC

Tag First Indicator Second Indicator Subfields
LEADER 00000cam a2200000 4500
001 in00000059400
005 20151007082420.0
008 750923s1957 nyu 00000 eng
010 |a  57010223  
035 |a (OCoLC)01651268 
035 |9 AAF7837AM 
040 |a DLC  |c DZM  |d TXA  |d UtOrBLW 
049 |a TXAM  |c 1 [284034]  |c 2 [312577]  |c 3 [285139] 
050 0 0 |a BF637.S8  |b I54 
082 0 |a 174  |a 177* 
090 |a BF637.S8  |b I54 1957 
092 |a 174  |b I54t 
100 1 |a Ingram, K. C.  |q (Karl Culton),  |d 1889- 
245 1 0 |a Talk that gets results; communication /  |c key to success and harmony with others. 
264 1 |a New York :  |b McGraw-Hill,  |c [1957] 
300 |a 230 pages ;  |c 21 cm. 
336 |a text  |b txt  |2 rdacontent 
337 |a unmediated  |b n  |2 rdamedia 
338 |a volume  |b nc  |2 rdacarrier 
650 0 |a Speech. 
650 0 |a Success. 
650 0 |a Communication. 
999 |a MARS 
999 f f |s bb6f9138-6cf6-308a-b085-5ddb07de701d  |i 9ef091ba-a5f4-3628-bee2-95edf3d46b70  |t 0 
952 f f |p normal  |a Texas A&M University  |b College Station  |c Sterling C. Evans Library  |d Evans: Library Stacks  |t 0  |e BF637.S8 I54 1957  |h Library of Congress classification  |i unmediated -- volume  |m A14800535735 
998 f f |a BF637.S8 I54 1957  |t 0  |l Evans: Library Stacks